000 00420nam a22001697a 4500
003 MPLRDC
005 20220104144143.0
008 210129b ||||| |||| 00| 0 eng d
082 _a307.8 HL
100 _a华林、梅杨编译
245 _a二十世纪科学技术的进展
_c
250 _a初版
260 _a
_b科学普及出版社
_c1981
300 _b
650 _a科学技术
942 _cBK
_o307.8 HL
999 _c46899
_d46889